В ночь на 14 Нисана. Иисус Христос. Иуда Искариот. Понтий Пилат; Христос; В поисках подлинного Хриса; Евангелие от Матфея; Жижнь Иисуса; Иуда Искариот; Прокуратор Иудеи; Мастер и Маргарита (главы из романа); Любимый ученик; Мать Иисуса
| Другие авторы: | |
|---|---|
| Язык: | русский |
| Опубликовано: |
Екатеринбург, Средне-Уральское кн. изд-во, 1991
|
| Содержание: | И. С. Тургенев, Христос; А. В. Мень, В поисках подлинного Хриса; Евангелие от Матфея; Ж. Э. Ренан, Жижнь Иисуса; Л. Н. Андреев, Иуда Искариот; А. Франс, Прокуратор Иудеи; М. А. Булгаков, Мастер и Маргарита (главы из романа); Ю. М. Нагибин, Любимый ученик; А. М. Володин, Мать Иисуса; |
| Предметы: | |
| Формат: | Книга |
| Запись в KOHA: | https://koha.lib.tpu.ru/cgi-bin/koha/opac-detail.pl?biblionumber=19058 |
MARC
| LEADER | 00000nam0a2200000 4500 | ||
|---|---|---|---|
| 001 | 19058 | ||
| 005 | 20231101205240.0 | ||
| 010 | |a 5752904293 | ||
| 035 | |a (RuTPU)RU\TPU\book\19216 | ||
| 035 | |a BOOK00019285 | ||
| 090 | |a 19058 | ||
| 100 | |a 20011209d1991 km y0rusy50 ca | ||
| 101 | 2 | |a rus |c fre | |
| 102 | |a RU | ||
| 105 | |a a z 000zy | ||
| 200 | 1 | |a В ночь на 14 Нисана. Иисус Христос. Иуда Искариот. Понтий Пилат |f сост.: В. А. Блинов | |
| 210 | |a Екатеринбург |c Средне-Уральское кн. изд-во |d 1991 | ||
| 215 | |a 560 с. | ||
| 464 | |t Христос |f И. С. Тургенев | ||
| 464 | |t В поисках подлинного Хриса; Евангелие от Матфея |f А. В. Мень | ||
| 464 | |t Жижнь Иисуса |o пер. с фр. |f Ж. Э. Ренан | ||
| 464 | |t Иуда Искариот |f Л. Н. Андреев | ||
| 464 | |t Прокуратор Иудеи |o пер. с фр. |f А. Франс | ||
| 464 | |t Мастер и Маргарита (главы из романа) |f М. А. Булгаков | ||
| 464 | |t Любимый ученик |f Ю. М. Нагибин | ||
| 464 | |t Мать Иисуса |f А. М. Володин | ||
| 600 | 0 | |a Иисус Христос (Ешуа Машиах) |c согласно христианскому вероучению, Богочеловек, основатель христианства |f 4 г. до н. э.? - около 30 |2 stltpush |3 (RuTPU)RU\TPU\pers\7261 | |
| 600 | 0 | |a Понтий Пилат |c римский наместник в Иудеи |f период правления 26-36 |2 stltpush |3 (RuTPU)RU\TPU\pers\13144 |9 3828 | |
| 600 | 0 | |a Иуда Искариот |c в Новом завете один из апостолов |c ученик Иисуса Христа, предавший своего учителя |2 stltpush |3 (RuTPU)RU\TPU\pers\13143 |9 3827 | |
| 610 | 1 | |a религия | |
| 610 | 1 | |a христианство | |
| 686 | |a Э37 |v LBC/SL-A |2 rubbk | ||
| 702 | 1 | |a Блинов |b В. А. |4 220 | |
| 801 | 0 | |a RU |b 63413507 |c 20011209 |g PSBO | |
| 801 | 2 | |a RU |b 63413507 |c 20160407 |g PSBO | |
| 942 | |c BK | ||